000 01127nam a22002777i 4500
003 EG-ScBUE
005 20230605104516.0
008 200219r20192014ii a f 001 0 eng d
020 _a9788123923727
040 _aEG-ScBUE
_beng
_erda
_cEG-ScBUE
_dEG-ScBUE
082 0 4 _222
_a615.1
_bGHO
100 1 _aGhosh, Bijaya,
_eauthor.
245 1 0 _aPharmaceutical technology and biopharmaceutics experiments /
_cBijaya Ghosh, professor Department of Pharmaceutics, NSHM College of Pharmaceutical Technology, Kolkata, West Bengal, Rajeshri Dhurke, associate professor, Department of Pharmaceutics, St. Peter's Institute of Pharmaceutical Sciences, Warangal, Andhra Pradesh.
250 _aReprint edition.
264 1 _aNew Delhi :
_bCBS Publishers and Distributors,
_c2019.
300 _a147 pages :
_billustrations ;
_c24 cm
336 _2rdacontent
_atext
_btxt
337 _2rdamedia
_aunmediated
_bn
338 _2rdacarrier
_avolume
_bnc
500 _aIncludes index.
650 7 _aBiopharmaceutics.
_2BUEsh
653 _bPPhrm
_cJune2023
655 _vReading book
700 1 _aDhurke, Rajeshri,
_eauthor.
942 _2ddc
_cBB
999 _c30450
_d30421